[Event "2nd Yerevan Open"]
[Site "?"]
[Date "2017.09.24"]
[Round "6.1"]
[White "Petrosian, Tigran L"]
[Black "Mikaelyan, Arman"]
[Result "1/2-1/2"]
[WhiteElo "2615"]
[BlackElo "2474"]
[PlyCount "81"]
[EventDate "2017.??.??"]
[TimeControl "6000+1550"]
[WhiteClock "0:29:56"]
[BlackClock "0:41:36"]

1. Nf3 Nf6 2. g3 g6 3. b3 Bg7 4. Bb2 O-O 5. Bg2 c5 6. c4 Nc6 7. O-O d6 8. d4
cxd4 9. Nxd4 Bd7 10. Nc3 Nxd4 11. Qxd4 Bc6 12. Nd5 Bxd5 13. Bxd5 Ne8 14. Qd2
Bxb2 15. Qxb2 Qb6 16. Rad1 Nf6 17. Bf3 Rfc8 18. Rd4 Rc5 19. Rfd1 Rac8 20. Rxd6
exd6 21. Qxf6 Qd8 22. Qxd8+ Rxd8 23. Bxb7 Rb8 24. Bd5 Ra5 25. Rd2 Rb6 26. g4
Kg7 27. g5 f6 28. h4 fxg5 29. hxg5 h6 30. gxh6+ Kxh6 31. f4 Ra3 32. Kf2 a5 33.
Rb2 Rb4 34. Rb1 Rxa2 35. Rh1+ Kg7 36. Rg1 a4 37. bxa4 Rbb2 38. Bf3 Rxa4 39. f5
g5 40. Rxg5+ Kf6 41. Rg6+ 1/2-1/2

[Event "2nd Yerevan Open"]
[Site "?"]
[Date "2017.09.24"]
[Round "6.2"]
[White "Kislinsky, Alexey"]
[Black "Pashikian, Arman"]
[Result "1/2-1/2"]
[WhiteElo "2505"]
[BlackElo "2592"]
[PlyCount "69"]
[EventDate "2017.??.??"]
[TimeControl "6000+1010"]
[WhiteClock "0:12:18"]
[BlackClock "0:04:10"]

1. e4 e5 2. Nf3 Nc6 3. Bb5 Nf6 4. O-O Nxe4 5. Re1 Nd6 6. Nxe5 Be7 7. Bf1 Nf5 8.
Nf3 O-O 9. d4 d5 10. h3 h6 11. a4 a6 12. Bf4 Be6 13. c3 Bd6 14. Bxd6 Nxd6 15.
Nbd2 Bf5 16. Qb3 Ne7 17. Re3 c6 18. Rae1 Ng6 19. Ne5 Nf4 20. Qd1 Re8 21. Qf3
Ne6 22. g4 Bc2 23. Qg3 Bxa4 24. Bd3 c5 25. Nxf7 Nxf7 26. Rxe6 Rxe6 27. Rxe6
cxd4 28. cxd4 Bd7 29. Re3 Qb8 30. Qxb8+ Rxb8 31. Re7 Rd8 32. Bg6 Nh8 33. Bf5
Bxf5 34. gxf5 Nf7 35. Rxb7 1/2-1/2

[Event "2nd Yerevan Open"]
[Site "?"]
[Date "2017.09.24"]
[Round "6.3"]
[White "Grigoryan, Karen H"]
[Black "Aleksandrov, Aleksej"]
[Result "1/2-1/2"]
[WhiteElo "2568"]
[BlackElo "2580"]
[PlyCount "124"]
[EventDate "2017.??.??"]
[TimeControl "6000+990"]
[WhiteClock "0:02:38"]
[BlackClock "0:17:20"]

1. e4 e5 2. Nc3 Nf6 3. g3 c6 4. d4 Qa5 5. Bg2 d5 6. exd5 Nxd5 7. Nge2 Nxc3 8.
Nxc3 exd4 9. Qxd4 Be6 10. O-O Nd7 11. Ne4 Qb4 12. Rd1 Qxd4 13. Rxd4 Be7 14.
Nd6+ Bxd6 15. Rxd6 O-O 16. Be3 Nf6 17. Rad1 h6 18. R6d4 Nd5 19. Bd2 Rfe8 20. c4
Nf6 21. Bc3 Re7 22. h3 Rd7 23. g4 Rad8 24. b3 a6 25. f4 Rxd4 26. Rxd4 Rxd4 27.
Bxd4 Ne8 28. f5 Bc8 29. Kf2 h5 30. Kg3 hxg4 31. hxg4 g6 32. f6 Nc7 33. Be3 Ne6
34. Kf3 Kf8 35. Ke4 Ke8 36. Ke5 Kd7 37. Bb6 Ng5 38. a4 Ne6 39. b4 Ng5 40. Bf1
Ne6 41. b5 Ng5 42. Be3 Ne6 43. b6 Kd8 44. Kd6 Nf8 45. g5 Be6 46. c5 Bb3 47.
Bxa6 bxa6 48. b7 Nd7 49. Kxc6 Bxa4+ 50. Kd6 Nb8 51. Bd2 Nc6 52. Ba5+ Ke8 53.
Kc7 Bb5 54. Bb6 Ba4 55. Ba7 Bb5 56. b8=Q+ Nxb8 57. Bxb8 Be2 58. c6 Bf3 59. Kb7
a5 60. Bd6 a4 61. Be7 Bg2 62. Kb6 Bf3 1/2-1/2

[Event "2nd Yerevan Open"]
[Site "?"]
[Date "2017.09.24"]
[Round "6.4"]
[White "Melkumyan, Hrant"]
[Black "Minasian, Artashes"]
[Result "1-0"]
[WhiteElo "2642"]
[BlackElo "2492"]
[PlyCount "58"]
[EventDate "2017.??.??"]
[TimeControl "6000+960"]
[WhiteClock "0:39:52"]
[BlackClock "0:37:29"]

1. d4 g6 2. Nf3 Bg7 3. c4 c5 4. e4 d6 5. Nc3 Bg4 6. dxc5 Bxf3 7. gxf3 dxc5 8.
Qxd8+ Kxd8 9. Be3 Bxc3+ 10. bxc3 b6 11. O-O-O+ Ke8 12. Bh3 Nf6 13. e5 Nfd7 14.
Bh6 e6 15. f4 Nc6 16. Rd6 Rc8 17. Rhd1 Rc7 18. Bg7 Rg8 19. Bf6 Rf8 20. Bg2 Na5
21. Be4 Rg8 22. Bc2 Nc6 23. Ba4 Ncb8 24. h4 h5 25. Kc2 Rf8 26. Bb5 Rb7 27. a4
a5 28. Bc6 Ra7 29. Be4 Ra6 1-0

[Event "2nd Yerevan Open"]
[Site "?"]
[Date "2017.09.24"]
[Round "6.5"]
[White "Rozum, Ivan"]
[Black "Baghdasaryan, Vahe"]
[Result "1-0"]
[WhiteElo "2590"]
[BlackElo "2440"]
[PlyCount "57"]
[EventDate "2017.??.??"]
[TimeControl "6000+975"]
[WhiteClock "0:42:38"]
[BlackClock "0:36:18"]

1. Nf3 d5 2. g3 Nc6 3. d4 Bf5 4. Bg2 Nb4 5. Na3 e6 6. O-O Nf6 7. c3 Nc6 8. Qb3
a6 9. Nh4 Bg4 10. f3 Bh5 11. e4 Be7 12. g4 Bg6 13. g5 Ng8 14. exd5 exd5 15. f4
Be4 16. Bxe4 dxe4 17. Qxb7 Na7 18. Qxe4 h6 19. Nc4 c6 20. Ne5 Qd5 21. Qxd5 cxd5
22. Nf5 g6 23. Ne3 Rd8 24. f5 Rh7 25. fxg6 fxg6 26. Nxg6 Bxg5 27. Ng4 Rg7 28.
Bxg5 Rxg6 29. Rae1+ 1-0

[Event "2nd Yerevan Open"]
[Site "?"]
[Date "2017.09.24"]
[Round "6.6"]
[White "Sargsyan, Shant"]
[Black "Gabuzyan, Hovhannes"]
[Result "1/2-1/2"]
[WhiteElo "2436"]
[BlackElo "2573"]
[PlyCount "88"]
[EventDate "2017.??.??"]
[TimeControl "6000+635"]
[WhiteClock "0:23:59"]
[BlackClock "1:22:30"]

1. d4 Nf6 2. c4 c5 3. d5 g6 4. Nc3 Bg7 5. e4 d6 6. h3 O-O 7. Nf3 a6 8. a4 e6 9.
Bd3 exd5 10. cxd5 Nbd7 11. O-O Re8 12. Re1 Nh5 13. Bg5 Bf6 14. Bh6 Ne5 15. Be2
Kh8 16. Nxe5 Bxe5 17. Bxh5 Qh4 18. f4 Bd4+ 19. Kh2 Qxh5 20. Qxh5 gxh5 21. Kg3
Bd7 22. a5 Rab8 23. Kf3 b5 24. axb6 Rxb6 25. Re2 Rb3 26. f5 Bb5 27. Rd2 Bxc3
28. bxc3 Rxc3+ 29. Kf4 f6 30. Re1 c4 31. Re3 Rb3 32. g4 a5 33. g5 Kg8 34. gxf6
Kf7 35. Rg2 Rg8 36. Rxg8 Kxg8 37. Rg3+ Rxg3 38. Kxg3 c3 39. Bc1 h4+ 40. Kf4 Kf7
41. e5 dxe5+ 42. Kxe5 c2 43. d6 a4 44. Ba3 h5 1/2-1/2

[Event "2nd Yerevan Open"]
[Site "?"]
[Date "2017.09.24"]
[Round "6.7"]
[White "Aitbayev, Aslan"]
[Black "Martirosyan, Haik M"]
[Result "1-0"]
[WhiteElo "2427"]
[BlackElo "2570"]
[PlyCount "81"]
[EventDate "2017.??.??"]
[TimeControl "6000+1955"]
[WhiteClock "0:32:30"]
[BlackClock "0:30:32"]

1. e4 e5 2. Nf3 Nc6 3. Bb5 Nf6 4. d3 Bc5 5. c3 O-O 6. O-O d6 7. Bg5 h6 8. Bh4
g5 9. Bg3 Nh5 10. Nbd2 Nxg3 11. hxg3 Qf6 12. Nc4 Bg4 13. b4 Bb6 14. a4 a6 15.
Nxb6 cxb6 16. Bc4 Ne7 17. Qe2 Rad8 18. Rfe1 a5 19. bxa5 bxa5 20. Rab1 Bd7 21.
Rxb7 Bxa4 22. Nh2 Bd7 23. Ra1 a4 24. Ng4 Bxg4 25. Qxg4 d5 26. exd5 Nc8 27. Rxa4
Nd6 28. Ra6 Rb8 29. Rbb6 Rxb6 30. Rxb6 Qe7 31. Bb3 e4 32. dxe4 Ra8 33. Qd1 Nxe4
34. Qd4 Nd6 35. Kh2 Rd8 36. Bc2 Qe2 37. Qf6 Qh5+ 38. Kg1 Re8 39. Rb1 Nc4 40. g4
Qh4 41. Bh7+ 1-0

[Event "2nd Yerevan Open"]
[Site "?"]
[Date "2017.09.24"]
[Round "6.8"]
[White "Yegiazarian, Arsen"]
[Black "Tabatabaei, M.Amin"]
[Result "1/2-1/2"]
[WhiteElo "2421"]
[BlackElo "2548"]
[PlyCount "170"]
[EventDate "2017.??.??"]
[TimeControl "5400+1215"]
[WhiteClock "0:05:19"]
[BlackClock "0:07:17"]

1. d4 Nf6 2. Nf3 g6 3. c4 Bg7 4. Nc3 O-O 5. g3 d5 6. cxd5 Nxd5 7. Bg2 c5 8. O-O
Nxc3 9. bxc3 Nc6 10. e3 cxd4 11. cxd4 Bf5 12. Nh4 Be6 13. Rb1 Bc4 14. Re1 Qd7
15. Qa4 b5 16. Qa6 Rac8 17. a4 Bd3 18. Rb2 Qe6 19. d5 Qd6 20. axb5 Bxb2 21.
Bxb2 Nb4 22. Qxa7 Nc2 23. Rd1 Be2 24. Rc1 Qb4 25. Be5 Ne1 26. Ra1 Nxg2 27. Nxg2
Qd2 28. Bc7 Qxd5 29. b6 Ra8 30. Nf4 Rxa7 31. bxa7 Qf3 32. Nxe2 Ra8 33. Nd4 Qb7
34. Bb8 Kg7 35. Rc1 Rxb8 36. axb8=Q Qxb8 37. h4 e5 38. Nf3 f6 39. e4 Qb7 40.
Re1 Qc6 41. Kg2 h5 42. Re3 Kh6 43. Re1 Qc5 44. Re3 g5 45. hxg5+ fxg5 46. g4 h4
47. Nh2 Qf8 48. Kg1 Qa8 49. Kg2 Kg7 50. Nf3 Kf6 51. Nh2 Qb7 52. Nf3 Qd7 53. Nh2
Qd1 54. Rf3+ Ke6 55. Re3 Qd8 56. Ra3 Qf8 57. Rf3 Qc8 58. Rd3 Ke7 59. Re3 Qd7
60. Rf3 Ke6 61. Re3 Qf7 62. Rf3 Qb7 63. Re3 Qh7 64. Nf3 Qg6 65. Nh2 Kd6 66. Kg1
Kc5 67. Kg2 Kc4 68. Nf3 Qf6 69. Nd2+ Kb4 70. Nf1 Qg6 71. Nh2 Qh7 72. Nf3 h3+
73. Kh2 Qf7 74. Kxh3 Qf4 75. Ne1 Kc4 76. Nf3 Kb5 77. Rc3 Kb4 78. Re3 Ka4 79.
Rd3 Qxe4 80. Re3 Qf4 81. Nxe5 Qxf2 82. Rf3 Qg1 83. Rf5 Qh1+ 84. Kg3 Qh4+ 85.
Kf3 Qh1+ 1/2-1/2

[Event "2nd Yerevan Open"]
[Site "?"]
[Date "2017.09.24"]
[Round "6.9"]
[White "Moskalenko, Alexander"]
[Black "Mirzoyan, David"]
[Result "1/2-1/2"]
[WhiteElo "2531"]
[BlackElo "2341"]
[PlyCount "102"]
[EventDate "2017.??.??"]
[TimeControl "6000+940"]
[WhiteClock "0:16:22"]
[BlackClock "0:13:43"]

1. c4 e6 2. Nf3 d5 3. d4 Nf6 4. Bg5 Be7 5. Nc3 h6 6. Bh4 O-O 7. e3 Nbd7 8. Rc1
c5 9. cxd5 Nxd5 10. Bxe7 Nxe7 11. Bb5 cxd4 12. Nxd4 a6 13. Be2 b5 14. Bf3 Ra7
15. O-O Ne5 16. Be4 Bb7 17. Qh5 Qb8 18. Bxb7 Rxb7 19. Ne4 Nd3 20. Rb1 Rd8 21.
Qe2 Nb4 22. Nc5 Rb6 23. Ndxe6 fxe6 24. Qg4 Ned5 25. a3 Nc6 26. Nxe6 Rd7 27. Nc5
Re7 28. Rbd1 Nf6 29. Qf5 Qe5 30. Qc2 Re8 31. h3 Ne7 32. b4 Kh8 33. Rd3 Nf5 34.
e4 Nd4 35. f4 Qxe4 36. Qf2 Ne2+ 37. Kh2 Qc4 38. Re1 Qxf4+ 39. Qxf4 Nxf4 40.
Rxe8+ Nxe8 41. Rd8 Rd6 42. Rxe8+ Kh7 43. Ra8 Rd2 44. Kg3 Nxg2 45. Rxa6 Ne3 46.
Kf4 Nc4 47. Ne6 Rf2+ 48. Ke4 Ra2 49. Nd4 Rxa3 50. Rxa3 Nxa3 51. Kf5 Nc4 1/2-1/2

[Event "2nd Yerevan Open"]
[Site "?"]
[Date "2017.09.24"]
[Round "6.10"]
[White "Nalbandian, Tigran"]
[Black "Hovhannisyan, Robert"]
[Result "0-1"]
[WhiteElo "2455"]
[BlackElo "2594"]
[PlyCount "64"]
[EventDate "2017.??.??"]
[TimeControl "6000+715"]
[WhiteClock "0:00:47"]
[BlackClock "0:29:02"]

1. Nf3 d5 2. g3 Nc6 3. Bg2 e5 4. d3 Be6 5. O-O f6 6. Nc3 Qd7 7. e4 d4 8. Ne2
O-O-O 9. Ne1 g5 10. f4 h6 11. a3 Bd6 12. b4 Nge7 13. Bd2 exf4 14. gxf4 gxf4 15.
Bxf4 Bg4 16. Qd2 Kb8 17. Nf3 Ng6 18. Bxd6 Qxd6 19. Kh1 h5 20. Nfg1 Nce5 21. Nf4
Nxf4 22. Qxf4 Rdf8 23. Rf2 Bc8 24. Raf1 Ng4 25. Re2 Qe5 26. Bh3 Ne3 27. Rff2
Bg4 28. Rxe3 Qxf4 29. Rxf4 dxe3 30. Bxg4 hxg4 31. Ne2 Rh4 32. Kg1 Rfh8 0-1

[Event "2nd Yerevan Open"]
[Site "?"]
[Date "2017.09.24"]
[Round "6.12"]
[White "Bagaturov, Giorgi"]
[Black "Petrosyan, Manuel"]
[Result "1/2-1/2"]
[WhiteElo "2400"]
[BlackElo "2559"]
[PlyCount "135"]
[EventDate "2017.??.??"]
[TimeControl "6000+1270"]
[WhiteClock "0:02:18"]
[BlackClock "0:00:54"]

1. d4 Nf6 2. c4 e6 3. Nf3 d5 4. Nc3 Bb4 5. Bg5 h6 6. Bxf6 Qxf6 7. e3 O-O 8. Rc1
dxc4 9. Bxc4 c5 10. O-O cxd4 11. Nxd4 Rd8 12. Ne4 Qe7 13. Qh5 Nd7 14. a3 Bc5
15. Nxc5 Nxc5 16. Ba2 Na4 17. Rc2 Bd7 18. Rc7 Rab8 19. Qe5 Qg5 20. Qe4 Nc5 21.
Qc2 Rbc8 22. Rxc8 Rxc8 23. b4 Na4 24. Qd2 Nc3 25. Rc1 Nxa2 26. Rxc8+ Bxc8 27.
Qxa2 e5 28. Nf3 Qf5 29. h3 Qe4 30. Kh2 Be6 31. Qb2 f6 32. Qc3 Bd5 33. Qc8+ Kh7
34. Ne1 Bc6 35. Qd8 Kg6 36. Qd2 Qd5 37. Qc2+ Kf7 38. f3 e4 39. f4 g5 40. Qf2
Ba4 41. h4 Kg6 42. hxg5 hxg5 43. fxg5 fxg5 44. Qb2 Qd6+ 45. Kg1 Qd1 46. Qc3 Qe2
47. Kh2 Qf2 48. Qh8 Qxe3 49. Qg8+ Kf6 50. Qf8+ Ke6 51. Qg8+ Kd7 52. Qd5+ Kc8
53. Qc4+ Kb8 54. Qg8+ Kc7 55. Qg7+ Kb6 56. Qf6+ Kb5 57. Qe6 b6 58. Qd7+ Kc4 59.
Qxa4 Qxe1 60. Qxa7 Qf2 61. Qa4 b5 62. Qa8 Qf4+ 63. Kg1 Qe5 64. a4 e3 65. axb5
e2 66. Qa2+ Kxb4 67. Qd2+ Kxb5 68. Kf2 1/2-1/2

[Event "2nd Yerevan Open"]
[Site "?"]
[Date "2017.09.24"]
[Round "6.13"]
[White "Korneev, Oleg"]
[Black "Bagheri, Maziar"]
[Result "1-0"]
[WhiteElo "2550"]
[BlackElo "2285"]
[PlyCount "51"]
[EventDate "2017.??.??"]

1. e4 e5 2. Nf3 Nc6 3. Bc4 Bc5 4. O-O Nf6 5. d3 d6 6. c3 Bb6 7. Nbd2 Ne7 8. Bb3
c6 9. Re1 Ng6 10. Nf1 O-O 11. Ng3 h6 12. h3 Be6 13. d4 Bxb3 14. Qxb3 exd4 15.
cxd4 Re8 16. Bd2 Qd7 17. a4 Qe6 18. Qc2 a6 19. Re2 Rad8 20. Rae1 Ba7 21. b4 d5
22. e5 Nd7 23. Nf5 Bb8 24. Bxh6 gxh6 25. Nxh6+ Kh7 26. Ng5+ 1-0

[Event "2nd Yerevan Open"]
[Site "?"]
[Date "2017.09.24"]
[Round "6.14"]
[White "Tahbaz, Arash"]
[Black "Harutyunian, Tigran K"]
[Result "1/2-1/2"]
[WhiteElo "2381"]
[BlackElo "2520"]
[PlyCount "137"]
[EventDate "2017.??.??"]

1. d4 Nf6 2. c4 e6 3. Nf3 d5 4. Nc3 Nbd7 5. g3 Be7 6. Bg2 O-O 7. O-O dxc4 8. e4
c6 9. a4 a5 10. Re1 b6 11. d5 cxd5 12. exd5 Nc5 13. Ne5 Bb7 14. dxe6 fxe6 15.
Qxd8 Rfxd8 16. Bxb7 Nxb7 17. Nxc4 Rac8 18. Rxe6 Rxc4 19. Rxe7 Nc5 20. Be3 Rb4
21. Bxc5 bxc5 22. Ra7 Rxb2 23. Rxa5 Rdd2 24. Nd1 Rbc2 25. Ne3 Ra2 26. Rxa2 Rxa2
27. f3 Nd7 28. f4 Nb6 29. Rxc5 Rxa4 30. Rc7 Ra5 31. Rb7 Nc8 32. Rd7 Nb6 33. Rd6
Rb5 34. g4 Kf7 35. Kf2 Rb2+ 36. Kf3 Rb3 37. Rd4 Nc8 38. h4 Ne7 39. h5 h6 40.
Ke4 Ke6 41. Ra4 Rb1 42. Ra6+ Kf7 43. Nc4 Re1+ 44. Kf3 Rf1+ 45. Kg3 Rc1 46. Ne5+
Kf8 47. Ra8+ Rc8 48. Ra7 Rc3+ 49. Kf2 Rc8 50. Kf3 Re8 51. g5 hxg5 52. fxg5 Kg8
53. Kg4 Nc8 54. Rc7 Nd6 55. Ng6 Nf7 56. Ne7+ Kf8 57. Ng6+ Kg8 58. Ne7+ Kf8 59.
Nf5 Re4+ 60. Kg3 Nxg5 61. Rxg7 Ne6 62. Rg6 Re1 63. Kg2 Nf4+ 64. Kf2 Re2+ 65.
Kf3 Nxg6 66. Kxe2 Nf4+ 67. Kf3 Nxh5 68. Kg4 Ng3 69. Nxg3 1/2-1/2

[Event "2nd Yerevan Open"]
[Site "?"]
[Date "2017.09.24"]
[Round "6.15"]
[White "Vardanian, Haik G"]
[Black "Gabrielian, Artur"]
[Result "0-1"]
[WhiteElo "2355"]
[BlackElo "2501"]
[PlyCount "50"]
[EventDate "2017.??.??"]

1. e4 e5 2. Nf3 Nc6 3. Nc3 Nf6 4. Bb5 Nd4 5. Ba4 c6 6. Nxe5 d6 7. Nf3 Bg4 8. d3
d5 9. h3 Nxf3+ 10. gxf3 Bh5 11. exd5 Nxd5 12. Qe2+ Be7 13. Bd2 O-O 14. O-O-O
Nxc3 15. Bxc3 Bg5+ 16. Bd2 Re8 17. Qf1 Bxf3 18. Rg1 Bf6 19. Rg3 Be2 20. Qg2 Qd4
21. Bc3 Qf4+ 22. Rd2 Bh5 23. Rxg7+ Kh8 24. Qg1 Bxc3 25. bxc3 Re2 0-1

[Event "2nd Yerevan Open"]
[Site "?"]
[Date "2017.09.24"]
[Round "6.16"]
[White "Manukyan, Sargis V"]
[Black "Hayrapetyan, Hovik"]
[Result "1/2-1/2"]
[WhiteElo "2287"]
[BlackElo "2472"]
[PlyCount "82"]
[EventDate "2017.??.??"]

1. d4 Nf6 2. c4 e6 3. g3 d5 4. Nf3 dxc4 5. Qa4+ c6 6. Qxc4 b5 7. Qc2 Bb7 8. Bg2
Nbd7 9. Nc3 a6 10. Ne5 Nxe5 11. dxe5 Nd5 12. O-O Rc8 13. Rd1 Qb6 14. Qd3 Be7
15. Nxd5 cxd5 16. e4 Bc5 17. Be3 Bxe3 18. fxe3 Rd8 19. exd5 Bxd5 20. Qd4 Qxd4
21. exd4 Bxg2 22. Kxg2 Rc8 23. Rac1 Ke7 24. Kf3 Rhd8 25. Ke4 f5+ 26. exf6+ gxf6
27. g4 h5 28. h3 hxg4 29. hxg4 Rxc1 30. Rxc1 Rg8 31. Kf3 Kd6 32. b4 Rh8 33. Kg3
Rg8 34. Kf3 Ra8 35. Rc5 Rh8 36. a4 bxa4 37. Ra5 Rh3+ 38. Ke4 Ra3 39. Rxa6+ Kd7
40. d5 exd5+ 41. Kxd5 Ra1 1/2-1/2

[Event "2nd Yerevan Open"]
[Site "?"]
[Date "2017.09.24"]
[Round "6.17"]
[White "Barseghyan, Armen Ar"]
[Black "Babujian, Levon"]
[Result "0-1"]
[WhiteElo "2020"]
[BlackElo "2458"]
[PlyCount "96"]
[EventDate "2017.??.??"]

1. d4 Nf6 2. Nf3 g6 3. c4 Bg7 4. g3 O-O 5. Bg2 d5 6. O-O dxc4 7. Na3 c3 8. bxc3
c5 9. Re1 Ne4 10. Bb2 Nc6 11. e3 f5 12. Nd2 Nxd2 13. Qxd2 e5 14. d5 e4 15. Nc4
Na5 16. Nxa5 Qxa5 17. f3 exf3 18. Bxf3 Bd7 19. d6 Rab8 20. Re2 Bc6 21. Bd5+
Bxd5 22. Qxd5+ Kh8 23. c4 Bxb2 24. Rxb2 Qc3 25. Qd2 Qe5 26. Rd1 Rfd8 27. Rb3
Rd7 28. Rd3 b6 29. Rd5 Qf6 30. Qf2 Re8 31. g4 Qg5 32. h3 Rxe3 33. Qg2 Qh4 34.
R5d3 Rxd3 35. Rxd3 Qe1+ 36. Kh2 Qe5+ 37. Kh1 Qe4 38. Rd1 Qxg2+ 39. Kxg2 fxg4
40. hxg4 Kg7 41. a4 Kf6 42. a5 Ke5 43. axb6 axb6 44. Kg3 Rxd6 45. Re1+ Kf6 46.
Kh4 Rd4 47. Rb1 h5 48. Rxb6+ Kg7 0-1

[Event "2nd Yerevan Open"]
[Site "?"]
[Date "2017.09.24"]
[Round "6.18"]
[White "Ter-Sahakyan, Samvel"]
[Black "Martirosyan, Garik"]
[Result "1-0"]
[WhiteElo "2577"]
[BlackElo "2018"]
[PlyCount "91"]
[EventDate "2017.??.??"]

1. e4 c5 2. Nf3 Nc6 3. Bb5 g6 4. Bxc6 dxc6 5. d3 Bg7 6. h3 Nf6 7. Nc3 O-O 8.
Bf4 Ne8 9. Qd2 f6 10. Bh6 e5 11. O-O Nc7 12. Bxg7 Kxg7 13. Ne2 Ne6 14. Qe3 b6
15. Kh1 a5 16. a4 Ra7 17. b3 Nd4 18. Nfxd4 cxd4 19. Qg3 Qd6 20. f4 Raf7 21. Rf2
Bd7 22. h4 h6 23. Kh2 Qe7 24. Raf1 Qd6 25. Rf3 b5 26. Ra1 Ra8 27. fxe5 fxe5 28.
Rxf7+ Kxf7 29. Ng1 b4 30. Nf3 Re8 31. Nd2 Be6 32. h5 gxh5 33. Rf1+ Ke7 34. Qh4+
Kd7 35. Qxh5 Bg8 36. Rf5 Be6 37. Rf6 Qc5 38. Nf3 Bg8 39. Qxh6 Kc7 40. Qg6 Rd8
41. Qg7+ Kb6 42. Rf5 Qd6 43. Qxe5 Qxe5+ 44. Nxe5 Rd6 45. g4 Rh6+ 46. Rh5 1-0

[Event "2nd Yerevan Open"]
[Site "?"]
[Date "2017.09.24"]
[Round "6.19"]
[White "Karatorossian, David"]
[Black "Andriasian, Zaven"]
[Result "0-1"]
[WhiteElo "2250"]
[BlackElo "2593"]
[PlyCount "66"]
[EventDate "2017.??.??"]

1. Nf3 Nf6 2. g3 d5 3. Bg2 c6 4. O-O Bg4 5. d3 Nbd7 6. Nbd2 e5 7. e4 Bd6 8. h3
Bh5 9. g4 Bg6 10. Nh4 dxe4 11. dxe4 Bc7 12. Nf5 O-O 13. b3 Re8 14. Qe2 Nc5 15.
Nc4 Bxf5 16. gxf5 b5 17. Rd1 Qe7 18. Nb2 Rad8 19. Nd3 Nxd3 20. Rxd3 Rxd3 21.
Qxd3 Nh5 22. Qe2 g6 23. a4 b4 24. Qf3 Bb6 25. Bf1 Qh4 26. Bc4 Nf6 27. Bd3 Bd4
28. Rb1 Kh8 29. Kf1 Rg8 30. Bd2 gxf5 31. Qxf5 Nh5 32. Qf3 Rg6 33. Qxf7 Nf4 0-1

[Event "2nd Yerevan Open"]
[Site "?"]
[Date "2017.09.24"]
[Round "6.20"]
[White "Hakobyan, Aram"]
[Black "Der Manuelian, Haik"]
[Result "1-0"]
[WhiteElo "2472"]
[BlackElo "2139"]
[PlyCount "79"]
[EventDate "2017.??.??"]

1. g3 d5 2. Nf3 Nf6 3. Bg2 c6 4. O-O Bg4 5. d4 e6 6. h3 Bxf3 7. Bxf3 Bd6 8. c4
Nbd7 9. Nd2 O-O 10. Bg2 Re8 11. e3 Qe7 12. b3 a5 13. Rb1 h6 14. Bb2 Nf8 15. Qc2
Rac8 16. Rbc1 Ba3 17. Bxa3 Qxa3 18. c5 e5 19. Rfd1 a4 20. dxe5 Rxe5 21. Nf3 Re7
22. Nd4 Ra8 23. Qc3 Ne6 24. Nf5 Rd7 25. Nxh6+ Kh7 26. Nf5 Qxa2 27. Ra1 Qe2 28.
Rd2 Qb5 29. b4 Qc4 30. Qb2 Ne4 31. Bf1 Qc3 32. Qxc3 Nxc3 33. Nd6 b6 34. Ra3
bxc5 35. bxc5 Nb5 36. Nxb5 cxb5 37. Bxb5 Rc7 38. c6 g6 39. Rxa4 Rb8 40. Rxd5
1-0

[Event "2nd Yerevan Open"]
[Site "?"]
[Date "2017.09.24"]
[Round "6.21"]
[White "Ghukasyan, Siranush"]
[Black "Torosyan, Norayr"]
[Result "0-1"]
[WhiteElo "2218"]
[BlackElo "2404"]
[PlyCount "80"]
[EventDate "2017.??.??"]

1. e4 e5 2. Nf3 Nc6 3. Bb5 a6 4. Ba4 Nf6 5. d3 d6 6. c3 g6 7. O-O Bg7 8. Nbd2
O-O 9. Re1 b5 10. Bc2 Bb7 11. Nf1 d5 12. Ng3 d4 13. Bd2 Nd7 14. Qc1 Nc5 15. Bh6
Qf6 16. cxd4 exd4 17. e5 Bxh6 18. Qxh6 Qg7 19. Qh4 Nb4 20. Nxd4 Nxc2 21. Nxc2
Nxd3 22. Re3 Nxe5 23. Rae1 f6 24. f4 Nc4 25. Nf5 Nxe3 26. Nxg7 Nxg2 27. Qh6
Nxe1 28. Nxe1 Rf7 29. Ne6 Re8 30. Nc5 Rxe1+ 31. Kf2 Rfe7 32. Nxb7 R7e2+ 33. Kf3
Re3+ 34. Kf2 R1e2+ 35. Kf1 Rxb2 36. Qh4 Kg7 37. Nd8 Ree2 38. Qh3 Red2 39. Ne6+
Kg8 40. Ke1 Rxh2 0-1

[Event "2nd Yerevan Open"]
[Site "?"]
[Date "2017.09.24"]
[Round "6.22"]
[White "Gasparian, Tigran"]
[Black "Mkrtchian, Lilit"]
[Result "0-1"]
[WhiteElo "2208"]
[BlackElo "2401"]
[PlyCount "152"]
[EventDate "2017.??.??"]

1. Nf3 Nf6 2. c4 e6 3. Nc3 d5 4. d4 Bb4 5. Bg5 h6 6. Bxf6 Qxf6 7. Qb3 c5 8. e3
O-O 9. a3 cxd4 10. axb4 dxc3 11. Qxc3 Qxc3+ 12. bxc3 dxc4 13. Bxc4 Bd7 14. Ne5
Rc8 15. Ra3 Be8 16. Bd3 Rc7 17. Ke2 f6 18. Nc4 Nd7 19. f4 Bh5+ 20. Kf2 Rd8 21.
Nb2 a6 22. e4 g5 23. g3 Nb8 24. Rg1 Rg7 25. Raa1 Rdd7 26. g4 Be8 27. f5 h5 28.
h3 hxg4 29. hxg4 Rc7 30. c4 Nd7 31. Be2 Ne5 32. Nd3 Nxd3+ 33. Bxd3 Rgd7 34. Ke3
e5 35. Rgc1 Rd4 36. b5 Rh7 37. Rh1 Rxh1 38. Rxh1 a5 39. Rb1 Kf8 40. c5 Ke7 41.
Kd2 Kd8 42. Kc3 Ra4 43. Rh1 Ra3+ 44. Kc2 Ra2+ 45. Kc3 Ra3+ 46. Kc2 Ra2+ 47. Kb3
Rf2 48. Rh7 Bd7 49. Bc4 Rf3+ 50. Ka4 Rc3 51. Be6 Be8 52. Rxb7 Rxc5 53. Kxa5 Rc1
54. Rb8+ Ke7 55. Bd5 Rb1 56. b6 Bd7 57. b7 Kd6 58. Rc8 Rxb7 59. Bxb7 Bxc8 60.
Bxc8 Kc5 61. Bb7 Kd4 62. Kb4 Ke3 63. Kc3 Kf4 64. Kd3 Kxg4 65. Ke2 Kg3 66. Kf1
Kf3 67. Bd5 Kg3 68. Bc4 Kf3 69. Bd5 Kg3 70. Ke2 Kg2 71. Bc4 g4 72. Bf7 g3 73.
Bh5 Kh2 74. Bf3 g2 75. Bxg2 Kxg2 76. Ke3 Kg3 0-1

[Event "2nd Yerevan Open"]
[Site "?"]
[Date "2017.09.24"]
[Round "6.23"]
[White "Nugumanov, Bakhtiyar"]
[Black "Mkrtchyan, Sargis R"]
[Result "1-0"]
[WhiteElo "2401"]
[BlackElo "2115"]
[PlyCount "73"]
[EventDate "2017.??.??"]

1. c4 e5 2. g3 Nf6 3. Bg2 d5 4. cxd5 Nxd5 5. Nc3 Nb6 6. d3 Be7 7. Nf3 Nc6 8.
O-O O-O 9. a3 Re8 10. b4 Bf8 11. Bb2 a5 12. b5 Nd4 13. Nd2 f6 14. Rc1 a4 15. e3
Ne6 16. Qc2 Nc5 17. d4 exd4 18. exd4 Ne6 19. Ne2 Ra5 20. d5 Nxd5 21. Nc4 Rxb5
22. Rfd1 c6 23. Nc3 Rxb2 24. Qxb2 Nec7 25. Nxd5 Nxd5 26. Nb6 Be6 27. Nxd5 cxd5
28. Qxb7 Bxa3 29. Ra1 Bc5 30. Bxd5 Bxd5 31. Rxd5 Qb6 32. Qxb6 Bxb6 33. Rxa4
Re1+ 34. Kg2 Re2 35. Ra8+ Kf7 36. Rd7+ Kg6 37. Rg8 1-0

[Event "2nd Yerevan Open"]
[Site "?"]
[Date "2017.09.24"]
[Round "6.24"]
[White "Kalashian, David"]
[Black "Santryan, Davit"]
[Result "1-0"]
[WhiteElo "2389"]
[BlackElo "2085"]
[PlyCount "63"]
[EventDate "2017.??.??"]

1. d4 Nf6 2. c4 c5 3. Nf3 g6 4. Nc3 cxd4 5. Nxd4 d5 6. e3 Nc6 7. Qa4 Bg7 8.
Nxc6 bxc6 9. cxd5 O-O 10. dxc6 Qb6 11. Be2 Be6 12. Bf3 Rfd8 13. c7 Qxc7 14.
Bxa8 Rxa8 15. Qf4 Qxf4 16. exf4 Nd5 17. Nxd5 Bxd5 18. O-O Rb8 19. Rd1 e6 20.
Be3 Bxb2 21. Rab1 Rb4 22. Rd2 Bc3 23. Rxb4 Bxb4 24. Rb2 a5 25. Bd2 Kf8 26.
Bxb4+ axb4 27. f3 Ke7 28. Kf2 Kd6 29. Rxb4 Bxa2 30. Rb7 e5 31. Rb6+ Kc7 32. Rb2
1-0

[Event "2nd Yerevan Open"]
[Site "?"]
[Date "2017.09.24"]
[Round "6.25"]
[White "Gharibyan, Mamikon"]
[Black "Melkonyan, Arshak"]
[Result "1-0"]
[WhiteElo "2365"]
[BlackElo "2064"]
[PlyCount "67"]
[EventDate "2017.??.??"]

1. d4 d5 2. c4 c6 3. Nf3 e6 4. e3 f5 5. Bd3 Nf6 6. O-O Bd6 7. b3 Qe7 8. Bb2 O-O
9. Qc1 b6 10. Ba3 c5 11. cxd5 exd5 12. Nc3 Ba6 13. dxc5 Bxc5 14. Bxc5 bxc5 15.
Rd1 Qe6 16. Na4 Rc8 17. Ng5 Qd7 18. Nxc5 Qe7 19. Nge6 Rc6 20. Bxf5 Bc8 21. e4
Bxe6 22. Bxe6+ Kh8 23. e5 Ng8 24. Bxg8 Kxg8 25. Rxd5 Na6 26. Qc4 Kh8 27. b4 Nc7
28. Rdd1 Qxe5 29. Re1 Qf6 30. b5 Rd6 31. Ne4 Rd4 32. Qxc7 Rxe4 33. Qc6 Rae8 34.
Qxe8+ 1-0